header

Satoyama--satoumi ecosystems and human well-being (Record no. 216506)

MARC details
000 -LEADER
fixed length control field 02575nam a2200361 a 4500
082 04 - DEWEY DECIMAL CLASSIFICATION NUMBER
Classification number 304.20952
245 00 - TITLE STATEMENT
Title Satoyama--satoumi ecosystems and human well-being
260 ## - PUBLICATION, DISTRIBUTION, ETC. (IMPRINT)
Place of publication New York :
Name of publisher United Nations University Press,
Year of publication 2012.
300 ## - PHYSICAL DESCRIPTION
Number of Pages xxx, 480 p., [8] p. of plates :
Other physical details ill. (some col.), col. maps.
505 0# - FORMATTED CONTENTS NOTE
Formatted contents note The Japanese satoyama and satoumi assessment: objectives, focus and approach / Anantha Kumar Duraiappah and Koji Nakamura -- Satoyama and satoumi, and ecosystem services: a conceptual framework / Osamu Saito and Hideaki Shibata -- What are the key drivers of change and current status of satoyama and satoumi? / Toshiya Okuro ... [et al.] -- Why is change to satoyama and satoumi a concern? / Takakazu Yumoto -- What and how effective have the main responses to address changes in satoyama and satoumi been? / Toshimori Takahashi -- What are the futures of satoyama and satoumi? / Shizuka Hashimoto -- Conclusion / Kazuhiko Takeuchi, Masataka Watanabe and Maiko Nishi -- Hokkaido cluster / Tetsuya Kondo and Taisuke Miyauchi -- Tohoku cluster / Takaaki Koganezawa and Tohru Nakashizuka -- Hokushinetsu cluster / Koji Nakamura and Shigeyuki Yamamoto -- Kanto--Chubu cluster: the future of satoyama, satoumi and cities / Tatsuhiro Ohkubo and Satoru Sadohara -- Western Japan cluster / Tomoya Akimichi and Yukihiro Morimoto -- Western Japan cluster: Seto inland sea as satoumi / Osamu Matsuda.
650 #0 - SUBJECT ADDED ENTRY--TOPICAL TERM
Topical Term Landscape assessment
Topical Term Landscape protection
Topical Term Ecosystem services
Topical Term Biodiversity conservation
700 1# - ADDED ENTRY--PERSONAL NAME
Personal name Duraiappah, Anantha K.
856 40 - ELECTRONIC LOCATION AND ACCESS
Uniform Resource Identifier http://site.ebrary.com/lib/rucke/Doc?id=10752392

No items available.

© 2026 Rongo University
Contact us: librarian | system librarian | Rongo university